Sales promotion a reklama

Z obsahu: Sales promotion prináša v krátkom čase informácie o trhu. Stratégie, mechanizmy, metódy sales promotion sú už vymyslené, treba ich len prispôsobiť potrebám klienta.

Na minha lista:
Detalhes bibliográficos
Autor principal: Žiačiková, B.
Formato: Capítulo de Livro
Idioma:eslovaco
Assuntos:
Tags: Adicionar Tag
Sem tags, seja o primeiro a adicionar uma tag!

MARC

LEADER 00000naa a2200000 4500
001 r027297
005 20230921081203.7
041 0 |a slo 
044 |a SK 
245 1 0 |a Sales promotion a reklama  |c B. Žiačiková 
520 |a Z obsahu: Sales promotion prináša v krátkom čase informácie o trhu. Stratégie, mechanizmy, metódy sales promotion sú už vymyslené, treba ich len prispôsobiť potrebám klienta. 
610 2 0 |a podpora predaja 
610 2 0 |a reklama 
610 2 0 |a marketing 
610 2 0 |a komunikácia 
610 2 0 |a informácie 
610 2 0 |a trh 
610 2 0 |a klienti 
610 2 0 |a Slovensko 
100 1 |a Žiačiková, B.